000 01149nmm a2200361 a 4500
001 ocm0002146750
003 TR-IsHL
005 20201028183710.0
008 190412s2019 tu tur
007 cr cn
020 _a9786052812723
035 _a2146750
_b(N$T)
050 0 4 _aHD58.7
_b.Y45 2019
090 0 4 _aHD58.7
_b.Y45 2019
100 1 _aYıldız, Erol
245 1 0 _aKişilik ve örgüt kültürü bağlamında prososyal isteklendirme
_h[electronic resource] /
_cErol Yıldız
250 _a1.Baskı
260 _aİstanbul :
_bHiperlink Yayınları,
_c2019
300 _a176 p.
500 _aDizin var
650 4 _aSosyoloji
650 4 _aSociology
650 0 _aÖrgütsel davranış
650 0 _aOrganizational behavior
650 0 _aPsikoloji, Endüstriyel
650 0 _aPsychology, Industrial
650 0 _aİş tatmini
650 0 _aJob satisfaction
650 0 _aÖrgüt kültürü
650 0 _aOrganization culture
650 7 _aBUSINESS & ECONOMICS / Organizational Behavior
_2bisacsh
856 4 0 _uhttp://search.ebscohost.com/login.aspx?direct=true&scope=site&db=e011xww&AN=2146750
999 _c20660
_d20660